000
00256 a2200109 4500
001
68599
040
_c
Anchieta - Itaigara
240
1
0
_a
Espaços naturais de Espanha
_l
245
1
0
_a
Espaços naturais de Espanha
650
4
_a
Geografia e viagens
942
_c
MX
999
_c
68599
_d
68599